000
00244nam a2200097Ia 4500
008
240625s9999 xx 000 0 und d
041
_a
eng
082
_a
332.63 DAM
100
_a
DAMODARAN ASWATH
245
_a
DARK SIDE OF VALUATION VALUING OLD TECH
999
_c
32906
_d
32906